Normal view
MARC view
Entry Topical Term
001 - CONTROL NUMBER
- control field: 30032
003 - CONTROL NUMBER IDENTIFIER
- control field: dpl
005 - DATE AND TIME OF LATEST TRANSACTION
- control field: 20110725143643.0
008 - FIXED-LENGTH DATA ELEMENTS
- fixed length control field: 110725|||a|||||| | ||| d
040 ## - CATALOGING SOURCE
- Original cataloging agency: dpl
- Transcribing agency: dpl
150 ## - HEADING--TOPICAL TERM
- Topical term or geographic name as entry element: मराठी कथासंग्रह
670 ## - SOURCE DATA FOUND
- Source citation: Work cat.: (dpl): 30018 हन्नुरकर,के बी, चक्षुवैसत्यम् /, 2011
670 ## - SOURCE DATA FOUND
- Source citation: Work cat.: (dpl): 30018 हन्नुरकर,के बी, चक्षुवैसत्यम् /, 2011
